000 00426pab a2200157 454500
008 180718b1959 xxu||||| |||| 00| 0 eng d
100 _aDwarkadas, R.
245 _aThe European atomic energy community : Organization and administration
260 _c1959
300 _ap.199-206.
362 _aApr-Jun
650 _aNuclear energy
773 _aIndian Journal of Public Administration
908 _aN
909 _a100549
999 _c100548
_d100548